[Event "Turkish Cup 2022"]
[Site "Sakarya"]
[Date "2022.03.26"]
[Round "3.28"]
[White "Tahaoglu, Erkin"]
[Black "Guven, Oguz Kagan"]
[Result "0-1"]
[WhiteElo "1694"]
[BlackElo "2157"]
[Annotator "ChessBase"]
[PlyCount "96"]
[EventDate "2022.03.25"]
[EventType "swiss"]
[EventCountry "TUR"]
[SourceTitle "playchess.com"]
[Source "ChessBase"]
[SourceQuality "1"]
[TimeControl "5400+30"]

1. e4 {[%emt 0:01:00]} c5 {[%emt 0:06:00]} 2. Nf3 {[%emt 0:00:30]} g6 {[%emt 0:00:30]} 3. d4 {[%emt 0:00:30]} cxd4 {[%emt 0:00:30]} 4. Nxd4 {[%emt 0:00:00]} Nc6 {[%emt 0:00:30]} 5. Nc3 {[%emt 0:00:00]} Bg7 {[%emt 0:00:00]} 6. Be3 {[%emt 0:00:00]} Nf6 {[%emt 0:00:00]} 7. Bc4 {[%emt 0:00:00]} Qa5 {[%emt 0:00:30]} 8. O-O {[%emt 0:00:30]} O-O {[%emt 0:00:00]} 9. Qe2 {[%emt 0:00:30]} Nxe4 {[%emt 0:07:00]} 10. Nxc6 {[%emt 0:03:30]} bxc6 {[%emt 0:00:00]} 11. Nxe4 {[%emt 0:04:30]} d5 {[%emt 0:00:00]} 12. Nd2 {[%emt 0:04:30]} dxc4 {[%emt 0:00:30]} 13. Nxc4 {[%emt 0:07:30]} Qa6 {[%emt 0:05:30]} 14. c3 {[%emt 0:06:30]} Be6 {[%emt 0:00:30]} 15. b3 {[%emt 0:00:30]} Bxc3 {[%emt 0:00:30]} 16. Rac1 {[%emt 0:01:30]} Bf6 {[%emt 0:00:00]} 17. Rfe1 {[%emt 0:01:30]} Rfe8 {[%emt 0:10:00]} 18. Bf4 {[%emt 0:06:30]} Bd5 {[%emt 0:10:30]} 19. Ne5 {[%emt 0:05:30]} Qxe2 {[%emt 0:00:30]} 20. Rxe2 {[%emt 0:00:00]} Bxe5 {[%emt 0:01:30]} 21. Bxe5 {[%emt 0:00:00]} f6 {[%emt 0:00:30]} 22. Bc3 {[%emt 0:04:30]} a5 {[%emt 0:00:30]} 23. Bd4 {[%emt 0:04:30]} e5 {[%emt 0:02:30]} 24. Bc5 {[%emt 0:00:30]} Kf7 {[%emt 0:00:30]} 25. f3 {[%emt 0:00:30]} g5 {[%emt 0:03:30]} 26. Rc3 {[%emt 0:04:30]} h5 {[%emt 0:00:30]} 27. h3 {[%emt 0:01:30]} Rg8 {[%emt 0:06:30]} 28. a3 {[%emt 0:07:30]} g4 {[%emt 0:01:30]} 29. fxg4 {[%emt 0:00:30]} hxg4 {[%emt 0:00:00]} 30. b4 {[%emt 0:02:30]} axb4 {[%emt 0:00:00]} 31. Bxb4 {[%emt 0:00:30]} Ke6 {[%emt 0:02:30]} 32. Rg3 {[%emt 0:03:30]} gxh3 {[%emt 0:01:30]} 33. Rxh3 {[%emt 0:01:30]} Rg4 {[%emt 0:00:30]} 34. g3 {[%emt 0:08:30]} Rc4 {[%emt 0:02:30]} 35. Re3 {[%emt 0:02:30]} c5 {[%emt 0:02:30]} 36. Bd2 {[%emt 0:01:43]} Rb8 {[%emt 0:02:30]} 37. Rh2 {[%emt 0:03:07]} Rb2 {[%emt 0:02:30]} 38. Be1 {[%emt 0:01:59]} Rb1 {[%emt 0:00:30]} 39. Rd2 {[%emt 0:00:39]} Rcc1 {[%emt 0:00:30]} 40. Kf2 {[%emt 0:00:26]} c4 {[%emt 0:01:30]} 41. a4 {[%emt 0:02:32]} c3 {[%emt 0:02:30]} 42. Rde2 {[%emt 0:04:29]} Bc4 {[%emt 0:00:30]} 43. Rxc3 {[%emt 0:00:22]} Rxc3 {[%emt 0:00:30]} 44. Bxc3 {[%emt 0:00:30]} Bxe2 {[%emt 0:00:30]} 45. Kxe2 {[%emt 0:00:00]} Kd5 {[%emt 0:01:30]} 46. a5 {[%emt 0:00:00]} Rb3 {[%emt 0:00:30]} 47. Be1 {[%emt 0:01:14]} Ke4 {[%emt 0:00:30]} 48. Bf2 {[%emt 0:01:14]} Rb2+ {[%emt 0:00:30]} 0-1

[Event "Turkish Cup 2022"]
[Site "Sakarya"]
[Date "2022.03.26"]
[Round "3.29"]
[White "Kul, Ozdemir Efe"]
[Black "Unsal, Gorkem"]
[Result "1-0"]
[WhiteElo "2042"]
[BlackElo "1672"]
[Annotator "ChessBase"]
[PlyCount "57"]
[EventDate "2022.03.25"]
[EventType "swiss"]
[EventCountry "TUR"]
[SourceTitle "playchess.com"]
[Source "ChessBase"]
[SourceQuality "1"]
[TimeControl "5400+30"]

1. Nf3 {[%emt 0:01:00]} Nf6 {[%emt 0:01:00]} 2. g3 {[%emt 0:00:30]} g6 {[%emt 0:00:30]} 3. Bg2 {[%emt 0:00:30]} Bg7 {[%emt 0:00:30]} 4. d3 {[%emt 0:00:30]} d5 {[%emt 0:02:30]} 5. O-O {[%emt 0:00:30]} O-O {[%emt 0:00:30]} 6. a3 {[%emt 0:00:30]} c6 {[%emt 0:01:30]} 7. Nbd2 {[%emt 0:01:30]} Bg4 {[%emt 0:05:30]} 8. h3 {[%emt 0:00:30]} Bxf3 {[%emt 0:00:30]} 9. Bxf3 {[%emt 0:00:30]} e5 {[%emt 0:00:30]} 10. e4 {[%emt 0:00:30]} d4 {[%emt 0:02:30]} 11. Bg2 {[%emt 0:03:30]} Nfd7 {[%emt 0:04:30]} 12. f4 {[%emt 0:01:30]} f6 {[%emt 0:12:30]} 13. Nf3 {[%emt 0:04:30]} Na6 {[%emt 0:01:30]} 14. h4 {[%emt 0:03:30]} Nc7 {[%emt 0:03:30]} 15. h5 {[%emt 0:00:30]} c5 {[%emt 0:10:30]} 16. hxg6 {[%emt 0:01:30]} hxg6 {[%emt 0:00:30]} 17. Nh4 {[%emt 0:00:30]} Re8 {[%emt 0:13:30]} 18. Nxg6 {[%emt 0:01:30]} Nf8 {[%emt 0:04:30]} 19. Nh4 {[%emt 0:01:30]} exf4 {[%emt 0:09:30]} 20. gxf4 {[%emt 0:00:30]} Qd7 {[%emt 0:01:30]} 21. Nf5 {[%emt 0:01:30]} Qf7 {[%emt 0:01:30]} 22. Rf3 {[%emt 0:01:30]} Ng6 {[%emt 0:03:01]} 23. Rg3 {[%emt 0:00:30]} Ne6 {[%emt 0:00:11]} 24. Qg4 {[%emt 0:00:30]} Nef8 {[%emt 0:00:56]} 25. Nxg7 {[%emt 0:00:30]} Qxg7 {[%emt 0:00:30]} 26. f5 {[%emt 0:01:30]} Re5 {[%emt 0:00:02]} 27. Bf4 {[%emt 0:00:00]} Re7 {[%emt 0:01:00]} 28. fxg6 {[%emt 0:04:00]} Ne6 {[%emt 0:00:04]} 29. Rf1 {[%emt 0:00:30]} 1-0

[Event "Turkish Cup 2022"]
[Site "Sakarya"]
[Date "2022.03.26"]
[Round "3.30"]
[White "Korkmaz, Necmettin"]
[Black "Ozates, Veysel"]
[Result "1-0"]
[WhiteElo "2076"]
[BlackElo "1645"]
[Annotator "ChessBase"]
[PlyCount "115"]
[EventDate "2022.03.25"]
[EventType "swiss"]
[EventCountry "TUR"]
[SourceTitle "playchess.com"]
[Source "ChessBase"]
[SourceQuality "1"]
[TimeControl "5400+30"]

1. e4 {[%emt 0:01:00]} c6 {[%emt 0:01:00]} 2. d4 {[%emt 0:01:30]} d5 {[%emt 0:00:30]} 3. e5 {[%emt 0:00:30]} Bf5 {[%emt 0:00:30]} 4. Nf3 {[%emt 0:00:30]} e6 {[%emt 0:00:30]} 5. Be2 {[%emt 0:00:30]} Nd7 {[%emt 0:00:00]} 6. O-O {[%emt 0:01:30]} c5 {[%emt 0:02:00]} 7. Be3 {[%emt 0:02:30]} Ne7 {[%emt 0:02:30]} 8. dxc5 {[%emt 0:12:30]} Nc6 {[%emt 0:01:30]} 9. Nd4 {[%emt 0:07:30]} Bg6 {[%emt 0:04:30]} 10. Nxc6 {[%emt 0:04:30]} bxc6 {[%emt 0:00:30]} 11. b4 {[%emt 0:01:30]} Nxe5 {[%emt 0:04:30]} 12. Bd4 {[%emt 0:01:30]} Nd7 {[%emt 0:01:30]} 13. f4 {[%emt 0:00:30]} Rb8 {[%emt 0:04:30]} 14. c3 {[%emt 0:03:30]} f6 {[%emt 0:01:30]} 15. Bh5 {[%emt 0:05:30]} Bxh5 {[%emt 0:07:30]} 16. Qxh5+ {[%emt 0:01:30]} g6 {[%emt 0:00:00]} 17. Qe2 {[%emt 0:01:30]} Kf7 {[%emt 0:00:00]} 18. Re1 {[%emt 0:00:30]} Qe7 {[%emt 0:01:30]} 19. Nd2 {[%emt 0:03:30]} Bh6 {[%emt 0:02:30]} 20. g3 {[%emt 0:01:30]} Rhc8 {[%emt 0:04:30]} 21. Qg4 {[%emt 0:05:30]} Bg7 {[%emt 0:03:30]} 22. Nf3 {[%emt 0:04:30]} Nf8 {[%emt 0:03:30]} 23. Qh3 {[%emt 0:02:30]} Re8 {[%emt 0:01:30]} 24. Re2 {[%emt 0:02:30]} Qd7 {[%emt 0:04:30]} 25. Rae1 {[%emt 0:01:30]} Re7 {[%emt 0:00:30]} 26. g4 {[%emt 0:01:30]} Rbe8 {[%emt 0:01:30]} 27. Qg3 {[%emt 0:03:30]} Qc7 {[%emt 0:03:30]} 28. g5 {[%emt 0:02:30]} f5 {[%emt 0:02:30]} 29. Ne5+ {[%emt 0:04:30]} Kg8 {[%emt 0:00:30]} 30. h4 {[%emt 0:00:30]} Nd7 {[%emt 0:00:30]} 31. h5 {[%emt 0:05:53]} Nxe5 {[%emt 0:01:30]} 32. Bxe5 {[%emt 0:00:34]} Bxe5 {[%emt 0:00:30]} 33. Rxe5 {[%emt 0:00:40]} Kg7 {[%emt 0:00:30]} 34. Qh4 {[%emt 0:00:40]} Kg8 {[%emt 0:08:30]} 35. hxg6 {[%emt 0:01:53]} hxg6 {[%emt 0:00:30]} 36. Qh6 {[%emt 0:00:11]} Rg7 {[%emt 0:04:30]} 37. R1e2 {[%emt 0:02:34]} Qf7 {[%emt 0:01:30]} 38. Qh3 {[%emt 0:06:00]} Qd7 {[%emt 0:04:30]} 39. Qe3 {[%emt 0:00:39]} Rge7 {[%emt 0:02:30]} 40. Qd4 {[%emt 0:01:19]} Rh7 {[%emt 0:01:30]} 41. Qe3 {[%emt 0:00:53]} Kf7 {[%emt 0:01:53]} 42. Qd4 {[%emt 0:01:38]} Reh8 {[%emt 0:03:25]} 43. Kf2 {[%emt 0:02:23]} Rh1 {[%emt 0:02:20]} 44. Ke3 {[%emt 0:00:56]} R8h3+ {[%emt 0:03:19]} 45. Kd2 {[%emt 0:00:15]} Ra1 {[%emt 0:01:48]} 46. R5e3 {[%emt 0:00:16]} Rxa2+ {[%emt 0:01:14]} 47. Kd3 {[%emt 0:00:08]} Rxe3+ {[%emt 0:00:29]} 48. Rxe3 {[%emt 0:00:12]} Kg8 {[%emt 0:02:26]} 49. Qf6 {[%emt 0:00:39]} d4 {[%emt 0:05:19]} 50. Qxg6+ {[%emt 0:00:26]} Kf8 {[%emt 0:00:09]} 51. Qf6+ {[%emt 0:00:52]} Kg8 {[%emt 0:00:36]} 52. Qxe6+ {[%emt 0:01:19]} Qxe6 {[%emt 0:00:59]} 53. Rxe6 {[%emt 0:00:09]} dxc3 {[%emt 0:00:07]} 54. Kxc3 {[%emt 0:00:36]} Rf2 {[%emt 0:00:31]} 55. Rxc6 {[%emt 0:00:39]} Rxf4 {[%emt 0:00:15]} 56. b5 {[%emt 0:01:09]} Rg4 {[%emt 0:00:36]} 57. b6 {[%emt 0:01:33]} axb6 {[%emt 0:00:38]} 58. cxb6 {[%emt 0:00:08]} 1-0

[Event "Turkish Cup 2022"]
[Site "Sakarya"]
[Date "2022.03.26"]
[Round "3.31"]
[White "Oktem, Ege Tuna"]
[Black "Gulsoy, Mustafa Alpago"]
[Result "0-1"]
[WhiteElo "1614"]
[BlackElo "2023"]
[Annotator "NA"]
[PlyCount "78"]
[EventDate "2022.03.25"]
[EventType "swiss"]
[EventCountry "TUR"]
[SourceTitle "playchess.com"]
[Source "ChessBase"]
[SourceQuality "1"]
[TimeControl "5400+30"]

1. e4 {[%emt 0:01:00]} c6 {[%emt 0:06:00]} 2. Nc3 {[%emt 0:00:30]} d5 {[%emt 0:00:30]} 3. Nf3 {[%emt 0:00:30]} dxe4 {[%emt 0:00:30]} 4. Nxe4 {[%emt 0:00:30]} Nf6 {[%emt 0:00:30]} 5. Qe2 {[%emt 0:00:30]} Bf5 {[%emt 0:00:00]} 6. d3 {[%emt 0:01:30]} e6 {[%emt 0:00:00]} 7. Bd2 {[%emt 0:00:30]} Be7 {[%emt 0:00:30]} 8. h3 {[%emt 0:00:30]} Nbd7 {[%emt 0:01:30]} 9. O-O-O {[%emt 0:00:30]} Nc5 {[%emt 0:03:30]} 10. Nxc5 {[%emt 0:01:30]} Bxc5 {[%emt 0:00:30]} 11. g4 {[%emt 0:00:00]} Bg6 {[%emt 0:00:30]} 12. Ne5 {[%emt 0:00:00]} Qd5 {[%emt 0:01:30]} 13. Rg1 {[%emt 0:03:30]} Qxa2 {[%emt 0:00:30]} 14. Bc3 {[%emt 0:00:30]} Nd5 {[%emt 0:02:30]} 15. h4 {[%emt 0:05:30]} Be7 {[%emt 0:01:30]} 16. Rh1 {[%emt 0:04:30]} f6 {[%emt 0:19:30]} 17. Nxg6 {[%emt 0:03:30]} hxg6 {[%emt 0:00:30]} 18. Qe4 {[%emt 0:00:30]} O-O-O {[%emt 0:05:30]} 19. Bg2 {[%emt 0:02:30]} Nxc3 {[%emt 0:09:30]} 20. bxc3 {[%emt 0:00:00]} f5 {[%emt 0:00:30]} 21. Qe3 {[%emt 0:03:00]} Bf6 {[%emt 0:01:30]} 22. Kd2 {[%emt 0:00:30]} Qa5 {[%emt 0:03:30]} 23. Qxe6+ {[%emt 0:02:30]} Kb8 {[%emt 0:00:30]} 24. Qb3 {[%emt 0:00:00]} Bxh4 {[%emt 0:04:30]} 25. Bxc6 {[%emt 0:04:00]} Qc7 {[%emt 0:00:30]} 26. Rxh4 {[%emt 0:00:30]} Rxh4 {[%emt 0:00:30]} 27. Bg2 {[%emt 0:05:30]} Rxg4 {[%emt 0:00:30]} 28. Bh1 {[%emt 0:00:30]} Qf4+ {[%emt 0:03:30]} 29. Ke2 {[%emt 0:00:30]} Re8+ {[%emt 0:00:30]} 30. Kf1 {[%emt 0:00:00]} Rg1+ {[%emt 0:00:30]} 31. Kxg1 {[%emt 0:00:00]} Qg4+ {[%emt 0:00:00]} 32. Bg2 {[%emt 0:00:30]} Qxd1+ {[%emt 0:00:00]} 33. Bf1 {[%emt 0:00:30]} Qg4+ {[%emt 0:00:30]} 34. Bg2 {[%emt 0:00:00]} Re1+ {[%emt 0:00:00]} 35. Kh2 {[%emt 0:00:00]} Qh4+ {[%emt 0:00:00]} 36. Bh3 {[%emt 0:00:30]} Qxf2+ {[%emt 0:00:30]} 37. Bg2 {[%emt 0:00:30]} Qh4+ {[%emt 0:00:00]} 38. Bh3 {[%emt 0:00:00]} Re2+ {[%emt 0:00:00]} 39. Kg1 {[%emt 0:00:00]} Qg3+ {[%emt 0:00:00]} 0-1

[Event "Turkish Cup 2022"]
[Site "Sakarya"]
[Date "2022.03.26"]
[Round "3.33"]
[White "Pehlivan, Mert"]
[Black "Ozcan, Ilker"]
[Result "0-1"]
[WhiteElo "1573"]
[BlackElo "2014"]
[Annotator "ChessBase"]
[PlyCount "68"]
[EventDate "2022.03.25"]
[EventType "swiss"]
[EventCountry "TUR"]
[SourceTitle "playchess.com"]
[Source "ChessBase"]
[SourceQuality "1"]
[TimeControl "5400+30"]

1. e4 {[%emt 0:01:00]} c5 {[%emt 0:01:00]} 2. Nf3 {[%emt 0:00:30]} Nc6 {[%emt 0:00:30]} 3. d3 {[%emt 0:00:30]} g6 {[%emt 0:00:30]} 4. g3 {[%emt 0:00:30]} Bg7 {[%emt 0:00:30]} 5. Bg2 {[%emt 0:00:30]} d6 {[%emt 0:00:00]} 6. O-O {[%emt 0:00:00]} e5 {[%emt 0:00:00]} 7. c3 {[%emt 0:00:00]} Nge7 {[%emt 0:00:00]} 8. Na3 {[%emt 0:02:30]} O-O {[%emt 0:00:00]} 9. Be3 {[%emt 0:05:30]} Rb8 {[%emt 0:01:30]} 10. d4 {[%emt 0:04:30]} exd4 {[%emt 0:05:30]} 11. cxd4 {[%emt 0:00:00]} Bg4 {[%emt 0:09:30]} 12. dxc5 {[%emt 0:12:00]} dxc5 {[%emt 0:02:30]} 13. Qxd8 {[%emt 0:08:30]} Rfxd8 {[%emt 0:00:30]} 14. Rab1 {[%emt 0:00:30]} b6 {[%emt 0:05:30]} 15. h3 {[%emt 0:04:30]} Be6 {[%emt 0:00:30]} 16. b3 {[%emt 0:04:30]} Nb4 {[%emt 0:06:30]} 17. Bf4 {[%emt 0:04:30]} Rb7 {[%emt 0:10:30]} 18. Rfd1 {[%emt 0:03:30]} Rbd7 {[%emt 0:02:30]} 19. Rxd7 {[%emt 0:00:30]} Rxd7 {[%emt 0:00:30]} 20. Ng5 {[%emt 0:07:30]} Nxa2 {[%emt 0:03:30]} 21. Nxe6 {[%emt 0:00:30]} fxe6 {[%emt 0:00:30]} 22. h4 {[%emt 0:03:30]} Nc3 {[%emt 0:04:30]} 23. Re1 {[%emt 0:00:30]} Nc6 {[%emt 0:03:30]} 24. Be3 {[%emt 0:09:30]} Na5 {[%emt 0:05:30]} 25. Bh3 {[%emt 0:04:30]} Kf7 {[%emt 0:00:00]} 26. f4 {[%emt 0:03:30]} Nxb3 {[%emt 0:09:00]} 27. f5 {[%emt 0:00:48]} exf5 {[%emt 0:00:30]} 28. exf5 {[%emt 0:00:12]} Re7 {[%emt 0:07:30]} 29. Nc4 {[%emt 0:04:12]} b5 {[%emt 0:03:30]} 30. Nd6+ {[%emt 0:01:27]} Kg8 {[%emt 0:00:23]} 31. fxg6 {[%emt 0:01:53]} hxg6 {[%emt 0:00:22]} 32. Bf1 {[%emt 0:02:31]} Rxe3 {[%emt 0:00:39]} 33. Rxe3 {[%emt 0:00:36]} Bd4 {[%emt 0:00:02]} 34. Kf2 {[%emt 0:00:50]} Nd1+ {[%emt 0:00:04]} 0-1

[Event "Turkish Cup 2022"]
[Site "Sakarya"]
[Date "2022.03.26"]
[Round "3.35"]
[White "Kandaz, Berat Efe"]
[Black "Unesi, Erdal"]
[Result "1/2-1/2"]
[WhiteElo "1519"]
[BlackElo "1861"]
[Annotator "NA"]
[PlyCount "121"]
[EventDate "2022.03.25"]
[EventType "swiss"]
[EventCountry "TUR"]
[SourceTitle "playchess.com"]
[Source "ChessBase"]
[SourceQuality "1"]
[TimeControl "5400+30"]

1. d4 {[%emt 0:01:00]} Nf6 {[%emt 0:01:00]} 2. c4 {[%emt 0:00:30]} e6 {[%emt 0:00:30]} 3. Nf3 {[%emt 0:00:00]} d5 {[%emt 0:00:30]} 4. Nc3 {[%emt 0:00:00]} Be7 {[%emt 0:03:30]} 5. Bf4 {[%emt 0:00:30]} c6 {[%emt 0:00:00]} 6. e3 {[%emt 0:01:30]} Nbd7 {[%emt 0:01:00]} 7. c5 {[%emt 0:01:30]} Nh5 {[%emt 0:00:00]} 8. Bd3 {[%emt 0:02:30]} b6 {[%emt 0:14:00]} 9. b4 {[%emt 0:02:30]} Nxf4 {[%emt 0:08:30]} 10. exf4 {[%emt 0:00:30]} bxc5 {[%emt 0:00:30]} 11. bxc5 {[%emt 0:00:30]} Qa5 {[%emt 0:00:30]} 12. Qd2 {[%emt 0:03:30]} Ba6 {[%emt 0:01:30]} 13. O-O {[%emt 0:04:30]} Bxd3 {[%emt 0:11:30]} 14. Qxd3 {[%emt 0:00:30]} O-O {[%emt 0:01:30]} 15. Rab1 {[%emt 0:04:30]} Rfb8 {[%emt 0:07:30]} 16. Ne5 {[%emt 0:06:30]} Nxe5 {[%emt 0:02:30]} 17. fxe5 {[%emt 0:00:00]} Qa3 {[%emt 0:01:30]} 18. Qc2 {[%emt 0:05:00]} Bd8 {[%emt 0:04:30]} 19. Ne2 {[%emt 0:06:30]} g6 {[%emt 0:06:30]} 20. Rfd1 {[%emt 0:08:30]} Kg7 {[%emt 0:08:30]} 21. Rd3 {[%emt 0:05:30]} Rxb1+ {[%emt 0:04:30]} 22. Qxb1 {[%emt 0:00:30]} Rb8 {[%emt 0:01:30]} 23. Rb3 {[%emt 0:04:30]} Rxb3 {[%emt 0:02:07]} 24. Qxb3 {[%emt 0:00:30]} Qa5 {[%emt 0:01:00]} 25. Kf1 {[%emt 0:15:30]} Qd2 {[%emt 0:01:25]} 26. a3 {[%emt 0:04:30]} Ba5 {[%emt 0:01:15]} 27. Qb1 {[%emt 0:00:30]} h5 {[%emt 0:00:55]} 28. Qc1 {[%emt 0:02:30]} Qd3 {[%emt 0:01:34]} 29. h4 {[%emt 0:03:35]} Bd2 {[%emt 0:03:57]} 30. Qd1 {[%emt 0:04:08]} a5 {[%emt 0:00:17]} 31. a4 {[%emt 0:00:36]} Kf8 {[%emt 0:02:27]} 32. Kg1 {[%emt 0:06:04]} Kg7 {[%emt 0:00:19]} 33. Kh1 {[%emt 0:03:17]} Kf8 {[%emt 0:00:18]} 34. Kg1 {[%emt 0:00:13]} Ke7 {[%emt 0:00:37]} 35. Kh1 {[%emt 0:01:00]} Kf8 {[%emt 0:02:43]} 36. Kg1 {[%emt 0:01:25]} Kg8 {[%emt 0:00:11]} 37. g3 {[%emt 0:01:27]} Kg7 {[%emt 0:00:30]} 38. Kh2 {[%emt 0:00:48]} g5 {[%emt 0:03:05]} 39. hxg5 {[%emt 0:01:05]} h4 {[%emt 0:00:01]} 40. Kg2 {[%emt 0:01:33]} hxg3 {[%emt 0:01:05]} 41. fxg3 {[%emt 0:00:35]} Qe4+ {[%emt 0:00:57]} 42. Kh3 {[%emt 0:00:25]} Bxg5 {[%emt 0:01:33]} 43. Nf4 {[%emt 0:00:31]} Kf8 {[%emt 0:01:08]} 44. Qh5 {[%emt 0:00:43]} Qf5+ {[%emt 0:00:58]} 45. Qg4 {[%emt 0:00:17]} Qh7+ {[%emt 0:00:25]} 46. Kg2 {[%emt 0:00:37]} Qc2+ {[%emt 0:02:19]} 47. Kh3 {[%emt 0:00:03]} Bxf4 {[%emt 0:01:14]} 48. Qxf4 {[%emt 0:00:06]} Qh7+ {[%emt 0:00:00]} 49. Qh4 {[%emt 0:00:54]} Qf5+ {[%emt 0:00:09]} 50. Qg4 {[%emt 0:00:58]} Qf1+ {[%emt 0:00:20]} 51. Kh4 {[%emt 0:00:30]} Qh1+ {[%emt 0:00:42]} 52. Kg5 {[%emt 0:00:01]} Qh7 {[%emt 0:00:23]} 53. Kf4 {[%emt 0:01:05]} Qd3 {[%emt 0:00:19]} 54. Kg5 {[%emt 0:00:16]} Ke7 {[%emt 0:00:32]} 55. Kh4 {[%emt 0:00:29]} Kd7 {[%emt 0:00:42]} 56. Qf4 {[%emt 0:00:25]} Qg6 {[%emt 0:00:46]} 57. Qg5 {[%emt 0:01:01]} Qe4+ {[%emt 0:00:19]} 58. Qf4 {[%emt 0:00:04]} Qh7+ {[%emt 0:00:53]} 59. Kg4 {[%emt 0:00:17]} Qg6+ {[%emt 0:00:09]} 60. Qg5 {[%emt 0:00:20]} Qe4+ {[%emt 0:00:21]} 61. Qf4 {[%emt 0:00:04]} 1/2-1/2

[Event "Turkish Cup 2022"]
[Site "Sakarya"]
[Date "2022.03.26"]
[Round "3.36"]
[White "Demirag, Gokhan"]
[Black "Ozcan, Ege"]
[Result "1-0"]
[WhiteElo "1946"]
[BlackElo "1304"]
[Annotator "ChessBase"]
[PlyCount "93"]
[EventDate "2022.03.25"]
[EventType "swiss"]
[EventCountry "TUR"]
[SourceTitle "playchess.com"]
[Source "ChessBase"]
[SourceQuality "1"]
[TimeControl "5400+30"]

1. d4 {[%emt 0:01:00]} Nf6 {[%emt 0:01:00]} 2. c4 {[%emt 0:00:30]} e6 {[%emt 0:00:30]} 3. Nf3 {[%emt 0:00:30]} d5 {[%emt 0:00:30]} 4. Nc3 {[%emt 0:00:00]} c5 {[%emt 0:00:30]} 5. cxd5 {[%emt 0:00:00]} exd5 {[%emt 0:01:30]} 6. g3 {[%emt 0:00:30]} Nc6 {[%emt 0:02:30]} 7. Bg2 {[%emt 0:00:30]} Bd6 {[%emt 0:02:30]} 8. O-O {[%emt 0:00:30]} O-O {[%emt 0:01:30]} 9. Bg5 {[%emt 0:00:30]} cxd4 {[%emt 0:04:30]} 10. Nxd4 {[%emt 0:01:30]} Be5 {[%emt 0:03:30]} 11. e3 {[%emt 0:07:30]} Be6 {[%emt 0:05:30]} 12. f4 {[%emt 0:11:30]} Bxd4 {[%emt 0:07:30]} 13. exd4 {[%emt 0:00:30]} h6 {[%emt 0:02:30]} 14. Bh4 {[%emt 0:00:30]} g6 {[%emt 0:03:30]} 15. Qd2 {[%emt 0:04:30]} Kg7 {[%emt 0:03:30]} 16. f5 {[%emt 0:02:30]} gxf5 {[%emt 0:04:30]} 17. Ne2 {[%emt 0:00:30]} Qb6 {[%emt 0:07:30]} 18. Bxf6+ {[%emt 0:02:30]} Kxf6 {[%emt 0:01:30]} 19. Qxh6+ {[%emt 0:00:30]} Ke7 {[%emt 0:00:00]} 20. Qe3 {[%emt 0:01:30]} Kd7 {[%emt 0:02:00]} 21. Rfd1 {[%emt 0:07:30]} Rad8 {[%emt 0:02:30]} 22. Nc3 {[%emt 0:01:30]} Rfe8 {[%emt 0:04:30]} 23. Na4 {[%emt 0:05:30]} Qc7 {[%emt 0:04:30]} 24. Rac1 {[%emt 0:00:30]} b6 {[%emt 0:01:30]} 25. Bf1 {[%emt 0:03:30]} Kc8 {[%emt 0:02:30]} 26. Rxc6 {[%emt 0:00:30]} Qxc6 {[%emt 0:01:30]} 27. Rc1 {[%emt 0:00:00]} Qxc1 {[%emt 0:00:30]} 28. Qxc1+ {[%emt 0:00:00]} Kb7 {[%emt 0:01:30]} 29. Nc3 {[%emt 0:00:30]} Rc8 {[%emt 0:02:30]} 30. Qf4 {[%emt 0:00:00]} a6 {[%emt 0:00:30]} 31. Bd3 {[%emt 0:00:00]} b5 {[%emt 0:01:30]} 32. a3 {[%emt 0:03:30]} Kc6 {[%emt 0:01:30]} 33. a4 {[%emt 0:02:30]} bxa4 {[%emt 0:02:30]} 34. Bxa6 {[%emt 0:00:00]} Rb8 {[%emt 0:01:30]} 35. Nxa4 {[%emt 0:00:00]} Rb4 {[%emt 0:01:30]} 36. Qc1+ {[%emt 0:00:30]} Kd7 {[%emt 0:01:30]} 37. Qc5 {[%emt 0:00:00]} Reb8 {[%emt 0:00:30]} 38. Qa7+ {[%emt 0:00:00]} Ke8 {[%emt 0:00:30]} 39. Nc5 {[%emt 0:01:30]} Rxb2 {[%emt 0:00:30]} 40. Bb7 {[%emt 0:00:30]} Rd8 {[%emt 0:00:46]} 41. Qa3 {[%emt 0:00:30]} Rb1+ {[%emt 0:00:53]} 42. Kf2 {[%emt 0:00:00]} Rb8 {[%emt 0:00:42]} 43. Qa7 {[%emt 0:00:00]} Rd8 {[%emt 0:00:50]} 44. h4 {[%emt 0:00:30]} Rb2+ {[%emt 0:00:30]} 45. Kf3 {[%emt 0:00:00]} Rh2 {[%emt 0:00:22]} 46. Bc6+ {[%emt 0:00:00]} Kf8 {[%emt 0:00:38]} 47. Qc7 {[%emt 0:00:30]} 1-0

[Event "Turkish Cup 2022"]
[Site "Sakarya"]
[Date "2022.03.26"]
[Round "3.37"]
[White "Bektasoglu, Ali"]
[Black "Sahin, Huseyin"]
[Result "0-1"]
[WhiteElo "1224"]
[BlackElo "1788"]
[Annotator "NA"]
[PlyCount "90"]
[EventDate "2022.03.25"]
[EventType "swiss"]
[EventCountry "TUR"]
[SourceTitle "playchess.com"]
[Source "ChessBase"]
[SourceQuality "1"]
[TimeControl "5400+30"]

1. e4 {[%emt 0:01:00]} c6 {[%emt 0:01:00]} 2. d4 {[%emt 0:00:30]} d5 {[%emt 0:00:30]} 3. exd5 {[%emt 0:00:30]} cxd5 {[%emt 0:00:30]} 4. Nf3 {[%emt 0:00:30]} Nc6 {[%emt 0:00:00]} 5. Bf4 {[%emt 0:00:00]} Bg4 {[%emt 0:00:00]} 6. c3 {[%emt 0:00:00]} e6 {[%emt 0:00:30]} 7. Nbd2 {[%emt 0:01:30]} Bd6 {[%emt 0:00:00]} 8. Bg3 {[%emt 0:01:30]} Nf6 {[%emt 0:00:00]} 9. Bd3 {[%emt 0:02:30]} O-O {[%emt 0:00:30]} 10. Qc2 {[%emt 0:01:30]} Rc8 {[%emt 0:00:30]} 11. Qb1 {[%emt 0:05:30]} Qc7 {[%emt 0:01:30]} 12. Bh4 {[%emt 0:02:30]} h6 {[%emt 0:01:30]} 13. Bxf6 {[%emt 0:01:30]} gxf6 {[%emt 0:00:30]} 14. h3 {[%emt 0:00:30]} Bxf3 {[%emt 0:00:30]} 15. Nxf3 {[%emt 0:00:30]} e5 {[%emt 0:00:30]} 16. dxe5 {[%emt 0:10:30]} fxe5 {[%emt 0:00:30]} 17. Bh7+ {[%emt 0:01:30]} Kg7 {[%emt 0:12:30]} 18. Bf5 {[%emt 0:04:30]} Rce8 {[%emt 0:01:30]} 19. O-O {[%emt 0:00:30]} e4 {[%emt 0:01:30]} 20. Nd4 {[%emt 0:02:30]} Nxd4 {[%emt 0:05:30]} 21. cxd4 {[%emt 0:00:30]} Qe7 {[%emt 0:00:30]} 22. Qc1 {[%emt 0:06:30]} Qf6 {[%emt 0:02:30]} 23. Bg4 {[%emt 0:13:30]} Qg6 {[%emt 0:00:30]} 24. Qd1 {[%emt 0:03:30]} Kh7 {[%emt 0:01:30]} 25. Bd7 {[%emt 0:06:30]} Re7 {[%emt 0:08:30]} 26. Qg4 {[%emt 0:05:30]} Qxg4 {[%emt 0:01:30]} 27. Bxg4 {[%emt 0:00:30]} f5 {[%emt 0:00:00]} 28. Bd1 {[%emt 0:01:30]} Rd8 {[%emt 0:00:00]} 29. Bb3 {[%emt 0:07:50]} Bb4 {[%emt 0:01:30]} 30. Rad1 {[%emt 0:00:30]} f4 {[%emt 0:00:00]} 31. a3 {[%emt 0:09:51]} Ba5 {[%emt 0:02:00]} 32. Bc2 {[%emt 0:01:07]} Kh8 {[%emt 0:00:30]} 33. b4 {[%emt 0:00:23]} Bb6 {[%emt 0:00:30]} 34. g3 {[%emt 0:03:38]} Rg8 {[%emt 0:06:30]} 35. Kh2 {[%emt 0:00:49]} fxg3+ {[%emt 0:01:30]} 36. fxg3 {[%emt 0:00:12]} Bc7 {[%emt 0:00:00]} 37. Rf5 {[%emt 0:05:37]} Rxg3 {[%emt 0:01:00]} 38. Kh1 {[%emt 0:01:38]} Reg7 {[%emt 0:00:00]} 39. Rh5 {[%emt 0:00:00]} Rg2 {[%emt 0:01:00]} 40. Re5 {[%emt 0:00:52]} Rxc2 {[%emt 0:00:30]} 41. Rf1 {[%emt 0:00:11]} Bxe5 {[%emt 0:00:30]} 42. dxe5 {[%emt 0:00:01]} e3 {[%emt 0:00:30]} 43. e6 {[%emt 0:01:11]} Rf2 {[%emt 0:00:00]} 44. Re1 {[%emt 0:00:06]} e2 {[%emt 0:00:00]} 45. e7 {[%emt 0:00:21]} Rxe7 {[%emt 0:00:30]} 0-1